Регионална библиотека "Любен Каравелов" - Русе

Мимето (Запис номер 452698)

MARC детайли
000 -Лидер
Контролно поле с фиксирана дължина 01105nam a2200289 c 4500
003 - Код на организацията, давaща контролен номер
Контролно поле BLK
005 - Дата и час на последна редакция
Контролно поле 20250729110706.0
008 - Елементи от данни с фиксирана дължина
fixed length control field 180409b bul|||||r ||||||| ||bul||
010 ## - Наследен системен номер
LC control number KNG00135157000
020 ## - Международен стандартен номер на книга ISBN
Международен стандартен номер на книга ISBN 9786191644292
040 ## - Източник на каталожния запис
Идентификатор на билиотеката - собственик на записа BLK
041 ## - Код за език
Код за езика на текст/звукозапис или на отделно заглавие Български
Код за езика КДБФ Български
080 ## - УДК
Текстов определител УДК Българска литература
УДК код - определител по УДК 821.163.2
УДК определител -93-1
УДК - код + определител 821.163.2-93-1
100 1# - Редна дума - Автор
Автор Босев, Асен Иванов
Авторска отговорност първи автор
R(LIN) 363513
139 ## - Редно поле
Редна дума Босев, Асен Иванов
Авторски знак Бос - Б 68
245 10 - Сведения за заглавието
Заглавие Мимето
Подзаглавни данни Разказ в стихове
Редно поле (дума) Асен Босев; худож. Борис Димовски.
250 ## - Област на изданието
Сведения за изданието 4. изд.
257 ## - Страна на издаване
Страна на създаване/издаване България
260 ## - Област на издателските данни
Име на издателя, разпространителя и проч. Enthusiast
Година на издаване 2021
Място на издаване, разпространение и проч. София
9 (RLIN) 215899
Издателство - префикс ISBN 978-619-164- ; 978-954-2958- ; 978-954-8657-
300 ## - Физическа характеристика
Страници 16 с.
Илюстрации и др. с ил.
Размери/Мащаб 31 см
380 ## - Жанр
Жанр Детска худож. лит.
500 ## - Общи забележки
Забележка 1. изд. 1961 на издателство Бълг. худож.
700 1# - Други автори (авторска отговорност)
Лично име Димовски, Борис Илиев
Автороска отговорност (Описва отношението между автора и произведението) худож.
9 (RLIN) 363792
852 ## - Местоположение
Форматна сигнатура 821.163.2-93/Б 68 А
Фондова буква Детски отдел
999 ## - СИСТЕМНИ КОНТРОЛНИ НОМЕРА
Koha biblionumber 452698
Koha biblioitemnumber 452698
942 ## - АРТИКУЛИ
Вид на библиотечния материал Книги
Скрит в OPAC Не
Koha issues (borrowed), all copies 11
Периодичен библиозапис Да
944 ## - СЪЗДАВАНЕ И РЕДАКЦИЯ на ЗАПИСА
Създаване/Редакция Създаване
Дата на регистрацията/редакция 2022-04-08
Статус, дата на статуса Бояна Костадинова
Служител, извършил регистрацията/редакцията 30551
Наличности
Код за отписване Код за изгубен артикул Източник на класификационната схема Код за повреда Коз за рестрикции Код за отдаване Артикулен № Име на библиотеката - собственик Име на библиотеката, в която се намира в момента Статус (Текущо местоположение) Дата на вписване в системата Местоположение - отдел Цена в лева Систематично азбучна сигнатура Баркод Цена в евро Служебен тип на артикула
  Не е изгубен Universal Decimal Classification Не е повреден без рестрикции заемане за дома 880899 Регионална библиотека "Любен Каравелов" Русе Регионална библиотека "Любен Каравелов" Русе Детски отдел 2022-04-08 Детски отдел 4.90 821.163.2-93/Б 68 А 120000870829 2.51 Книги
  Не е изгубен Universal Decimal Classification Не е повреден без рестрикции заемане за дома 880900 Регионална библиотека "Любен Каравелов" Русе Регионална библиотека "Любен Каравелов" Русе Детски отдел 2022-04-08 Детски отдел 4.90 821.163.2-93/Б 68 А 120000870828 2.51 Книги
Vip Innovations Ltd, Rousse, Bulgaria 2025